Loading...
| Philosophy | 1 | 5 | 0 | 0 | 65 | 65 | 110.33 | 2 | 6 |
| Literature - British Literature | 1 | 3 | 2 | 0 | 35 | 63 | 111.50 | 1 | 4 |
| Literature - World Literature | 1 | 2 | 0 | 0 | 35 | 78 | 94.67 | 1 | 3 |
| Social Science | 1 | 2 | 1 | 0 | 30 | 48 | 89.67 | 2 | 2 |
| Mythology | 0 | 3 | 0 | 0 | 30 | 81 | 110.00 | 1 | 3 |
| History - Ancient History | 0 | 2 | 0 | 1 | 20 | 90 | 115.50 | 0 | 0 |
| Literature - European Literature | 0 | 2 | 1 | 0 | 15 | 95 | 107.00 | 1 | 2 |
| History - American History | 0 | 1 | 0 | 0 | 10 | 120 | 120.00 | 0 | 0 |
| Geography | 0 | 1 | 0 | 0 | 10 | 106 | 106.00 | 0 | 1 |
| Literature - American Literature | 0 | 2 | 3 | 0 | 5 | 110 | 115.00 | 0 | 2 |
| Current Events | 0 | 0 | 1 | 0 | -5 | 0.00 | 0 | 0 | |
| Fine Arts - Auditory Fine Arts | 0 | 0 | 1 | 0 | -5 | 0.00 | 0 | 0 | |
| Religion | 0 | 0 | 1 | 0 | -5 | 0.00 | 0 | 0 | |
| Fine Arts - Visual Fine Arts | 0 | 0 | 2 | 0 | -10 | 0.00 | 0 | 0 |